000 005460000a22001930004500
003 LK-CoMWRAF
008 230817t ||||| |||| 00| 0 eng d
040 _aLK-CoMWRAF
_dLK-CoMWRAF
_eLK-CoMWRAF
041 _aeng
082 _a301.90
_bPRI
245 _aPriorities in research, information and training for women
_breport of a workshop held on 2nd august 1984
260 _aColombo
_bCENWOR
_c1994
300 _ap.16
490 _aDocumentation series No.49
650 _aresources
650 _aTraining
650 _awomen-SL
942 _cBK
999 _c2565
_d2565